| 000 | 00765nam a2200217 a 4500 | ||
|---|---|---|---|
| 001 | 5143 | ||
| 003 | CDMR | ||
| 005 | 20151016134802.0 | ||
| 008 | 130130s1982||||||||||||||||||||||||||||d | ||
| 020 | _a8430074236 | ||
| 040 |
_aCDMR _bcat _cCDMR |
||
| 245 | 0 |
_aLibertad de prensa _b: un curso en la Universidad Internacional Menéndez Pelayo _cdirector: Pedro Crespo de Lara |
|
| 260 |
_aMadrid _c1982 _bAsociación de Editores de Diarios Españoles |
||
| 300 | _a268 p. | ||
| 650 | 0 | 4 |
_91582 _aLlibertat d'impremta |
| 650 | 0 | 4 |
_93208 _aPeriodisme _xDret i legislació |
| 650 | 0 | 4 |
_93370 _aMitjans de comunicació de massa _xDret i legislació |
| 700 | 1 |
_9674 _aCrespo De Lara, Pedro _edir. |
|
| 710 | 2 |
_94393 _aUniversidad Internacional Menéndez Pelayo |
|
| 942 |
_cMON _2udc |
||
| 999 |
_c5143 _d5143 |
||